CCNP BSCI official exam certificate guide. / (Record no. 3073)
[ view plain ]
| 000 -LEADER | |
|---|---|
| fixed length control field | 01284nam a22001817a 4500 |
| 008 - FIXED-LENGTH DATA ELEMENTS--GENERAL INFORMATION | |
| fixed length control field | 140624b xxu||||| |||| 00| 0 eng d |
| 020 ## - INTERNATIONAL STANDARD BOOK NUMBER | |
| International Standard Book Number | 9781587201479 |
| 050 ## - LIBRARY OF CONGRESS CALL NUMBER | |
| Classification number | TK5105.5.G675 |
| 100 ## - MAIN ENTRY--PERSONAL NAME | |
| Personal name | Stewart,Brent D |
| 245 ## - TITLE STATEMENT | |
| Title | CCNP BSCI official exam certificate guide. / |
| Statement of responsibility, etc. | Brent D.Stewart and Clare Gough |
| 250 ## - EDITION STATEMENT | |
| Edition statement | 4th ed |
| 260 ## - PUBLICATION, DISTRIBUTION, ETC. | |
| Place of publication, distribution, etc. | Indiana: |
| Name of publisher, distributor, etc. | Cisco press, |
| Date of publication, distribution, etc. | 2009. |
| 300 ## - PHYSICAL DESCRIPTION | |
| Extent | xxxiii,638p.: |
| Other physical details | ill.; |
| Dimensions | 25cm. |
| 500 ## - GENERAL NOTE | |
| General note | Includes index |
| 505 ## - FORMATTED CONTENTS NOTE | |
| Formatted contents note | Contents: Network design -- IP address planning and summarization -- EIGRP principles -- Scalable EIGRP -- Understanding simple single-area OSPF -- OSPF network topologies -- Using OSPF across multiple area -- OSPF advanced topics -- Fundamentals of the integrated IS-IS protocol -- Configuring integrated IS-IS -- Implementing redistribution and controlling routing updates -- Controlling redistribution with route maps -- Dynamic host control protocol -- BGP concepts -- BGP neighbors -- Controlling BGP route selection -- What is multicasting? -- IGMP -- Configuring multicast -- Introduction to IPv6 and IPv6 addressing -- IPv6 routing protocols,configuration,and transitioning from IPv4 -- Appendix A: answers to chapter "do i know this already"quizzes and Q&A sections |
| 700 ## - ADDED ENTRY--PERSONAL NAME | |
| Personal name | Gough,Clare |
| 942 ## - ADDED ENTRY ELEMENTS (KOHA) | |
| Source of classification or shelving scheme | Library of Congress Classification |
| Koha item type | Books |
| Withdrawn status | Lost status | Source of classification or shelving scheme | Damaged status | Not for loan | Home library | Current library | Shelving location | Date acquired | Total Checkouts | Full call number | Barcode | Date last seen | Date last checked out | Copy number | Price effective from | Koha item type |
|---|---|---|---|---|---|---|---|---|---|---|---|---|---|---|---|---|
| Library of Congress Classification | WISCONSIN INTERNATIONAL UNIVERSITY COLLEGE, GHANA - MAIN LIBRARY | WISCONSIN INTERNATIONAL UNIVERSITY COLLEGE, GHANA - MAIN LIBRARY | Reference | 24/06/2014 | 1 | TK5105.5.G675 | 7103/119/13 | 05/08/2014 | 05/08/2014 | 1 | 24/06/2014 | Books |
